Fußball: Trainer von Eintracht Frankfurt – Sudden Death - Statistiken

Allgemein
  • Dieses Quiz wurde 320 mal gespielt
  • Das Durchschnittsergebnis liegt bei 8 aus 11
Answers on the Grid
Answers color-coded by a green-red scale on the quiz's grid according to % correct below.
Dragoslav Stepanović
Jupp Heynckes
Felix Magath
Friedhelm Funkel
Armin Veh
Niko Kovac
Klaus Toppmöller
Dino Toppmöller
Oliver Glasner
Erich Ribbeck
Jörg Berger
Jürgen Röber
Lothar Matthäus
André Breitenreiter
Sebastian Hoeneß
Peter Neururer
 
Antwortstatistiken
Antwort % Korrekt
Dino Toppmöller
92%
Oliver Glasner
92%
Niko Kovac
91%
Armin Veh
86%
Friedhelm Funkel
78%
Klaus Toppmöller
75%
Dragoslav Stepanović
73%
Felix Magath
60%
Jörg Berger
58%
Jupp Heynckes
47%
Erich Ribbeck
45%
Keine übereinstimmenden Quizze gefunden
Verteilung der Resultate
Anzahl Personen mit jedem Resultat
Perzentil nach korrekt beantworteten Fragen
Ihre Resultats-Entwicklung
Sie haben dieses Quiz noch nicht gespielt